| 000 | 00400nam a22001337a 4500 | ||
|---|---|---|---|
| 999 |
_c528993 _d528993 |
||
| 005 | 20190917163638.0 | ||
| 008 | 190130b ||||| |||| 00| 0 eng d | ||
| 040 | _cDLC | ||
| 100 |
_aUnited States Dept of Commerce _920841 |
||
| 245 | _aAir photos illustrating the origin, distribution / | ||
| 260 |
_aWashington _bUnited States Dept of Commerce _c1946 |
||
| 300 | _aviii, var p . | ||
| 942 |
_2ddc _cBK |
||